00741cam a2200229Ia 450000500170000000800410001702000150005802000180007304000500009104100080014110000180014924500490016726000380021630000420025449000380029649000140033465000320034865000360038065000340041665000350045070000260048520180312142006.0940913s1993 sp a gr 000 j spa d a9580424578 a9789580424574 aCO-BoUCMbspacJose A. GerenadJose A. Gerena aspa1 aRius, María13aEl campocMaría Rius, Josep Ma. Parramón aBarcelona (España)bNormac1993 a[32] páginasbilustraciones a color1 aPrimera biblioteca de los niños1 aUn dia en 7aAgricultua en la literatura 7aCuentos ilustrados para niños 7aLibros y lectura para niños 7aLiteratura infantil española1 aParramón, Josep Ma.